000 00351 a2200157 4500
001 152399
040 _cEscola São Tomás de Aquino
100 _aMORAES, Vinícius de
240 1 0 _aLivro de sonetos
_lpor
245 1 0 _aLivro de sonetos
300 _a165
362 0 _a1991
440 1 _aCompanhia das Letras
697 _aPoesia
942 _cBK
999 _c152399
_d152399